000 00762nam a2200157 a 4500
001 000036845
005 20200930075955.0
008 120202s2011 dr 000 0 spa d
020 _a9789945164640
040 _aDO-SdBNP
_bspa
_cBNPHU
100 1 _aPetrozziello, Allison J.
_963193
245 1 0 _aFanm nan fwontyé, fanm toupatou :
_buna mirada a la violencia contra las mujeres migrantes haitianas, en tránsito y desplazadas en frontera dominico-haitiana(Elías Piña, Balladére) /
_cAllison J. Petrozziello, Bridget Wooding.
300 _a135 p. :
_bil., retrs. ;
_c29 cm.
500 _aInforme del estudio cualitativo encargado por la Colectiva Mujer y Salud y Mujeres del Mundo en el marco del proyecto Mujeres en Tránsito
700 1 2 _aWooding, Bridget
_92231
999 _c36336
_d36336